[Event "SLO-ch U10"]
[Site "Postojna"]
[Date "2008.02.29"]
[Round "8"]
[White "Leonardi, Dejan"]
[Black "Kos, Matic"]
[Result "1-0"]
[WhiteElo "1500"]
[BlackElo "1500"]
[PlyCount "47"]
[EventDate "2008.02.24"]
[EventType "swiss"]
[EventRounds "9"]
[EventCountry "SLO"]
[SourceTitle "EXT 2010"]
[Source "ChessBase"]
[SourceDate "2010.11.25"]
[SourceVersion "1"]
[SourceVersionDate "2010.11.25"]
[SourceQuality "1"]

1. e4 e5 2. Nf3 Nc6 3. d3 Bc5 4. Ng5 f6 5. Nf3 Nh6 6. Bxh6 gxh6 7. Nc3 d6 8. Be2 Bb4 9. 0-0 Bg4 10. h3 Bxc3 11. bxc3 Bxf3 12. Bxf3 Rg8 13. Bh5+ Kf8 14. Qd2 Na5 15. Qxh6+ Rg7 16. Rfe1 Qd7 17. Bg4 Qa4 18. Qxf6+ Kg8 19. Be6+ Kh8 20. Re3 Qxc2 21. Rg3 Rag8 22. Rxg7 Rxg7 23. Qf8+ Rg8 24. Qxg8# 1-0

[Event "SLO-ch U10"]
[Site "Postojna"]
[Date "2008.02.25"]
[Round "3"]
[White "Drobnic, Milan"]
[Black "Kos, Matic"]
[Result "1-0"]
[WhiteElo "1500"]
[BlackElo "1500"]
[PlyCount "77"]
[EventDate "2008.02.24"]
[EventType "swiss"]
[EventRounds "9"]
[EventCountry "SLO"]
[SourceTitle "EXT 2010"]
[Source "ChessBase"]
[SourceDate "2010.11.25"]
[SourceVersion "1"]
[SourceVersionDate "2010.11.25"]
[SourceQuality "1"]

1. e4 e5 2. Nf3 Nc6 3. Bc4 Bc5 4. d3 a6 5. a3 Nf6 6. Bg5 h6 7. Bh4 g5 8. Bg3 Rg8 9. Nc3 h5 10. Nxe5 Nxe5 11. Bxe5 Qe7 12. d4 Bd6 13. Bxf6 Qxf6 14. e5 Bxe5 15. dxe5 Qxe5+ 16. Qe2 Qxe2+ 17. Bxe2 Rg6 18. Bxh5 Re6+ 19. Be2 a5 20. 0-0 a4 21. Bg4 Re7 22. f4 d5 23. Bxc8 Rxc8 24. Nxd5 Rd7 25. Nf6+ Ke7 26. Nxd7 Kxd7 27. fxg5 Re8 28. Rxf7+ Kc8 29. Raf1 Kb8 30. Rf8 Rxf8 31. Rxf8+ Ka7 32. g6 b6 33. g7 Kb7 34. g8Q Kc6 35. Qg6+ Kd7 36. Rf7+ Kc8 37. Qc6 Kb8 38. Rf8+ Ka7 39. Ra8# 1-0